000 00520nam a2200217Ia 4500
003 OSt
005 20221005123757.0
006 a|||||r|||| 00| 0
007 ta
008 221004b |||||||| |||| 00| 0 ara d
024 _a15213
037 _cTextual
040 _aCRL
_cCRL
_bara
041 _2ara
_aara
082 _aO28wk, G0
245 0 _aMajal-e- Al-Majma Al-Ilmi Al-Arbi
260 _c1930
650 _aARABIC LITERATURE
942 _hO28wk, G0
_cTEXL
_2cc
999 _c1048443
_d1048443